000 00651 a2200229 4500
001 16669
999 _c16669
_d3388
003 TR-AnTOB
005 20190918174045.0
008 041102s1999 tu tur
020 _a9754868359
041 _atur
050 _aQA76.16
_b.U98 1999
090 _aQA76.16 .U98 1999
100 _aUysal, Mithat
_97968
245 0 _aBilgisayar bilimi ve mühendisliğine giriş /
_cMithat Uysal.
264 1 _aİstanbul :
_bBeta Basım Yayım,
_c1999
300 _a654 p. :
_bill. ;
_c24 cm.
490 0 _aBeta Basım Yayım Yayın; no.
_a934.
_aBilgisayar Dizisi; 189
650 _aBilgisayar bilimi
_xMatematik
_920524
902 _a0004112
942 _cBK